|
|
|
|
| LEADER |
04521nam a2201033 a 4500 |
| 001 |
nkc20112189082 |
| 003 |
CZ PrNK |
| 005 |
20140829141613.0 |
| 007 |
ta |
| 008 |
110505s2010 xr h e f 000 0 cze |
| 015 |
|
|
|a cnb002189082
|
| 020 |
|
|
|a 978-80-87271-29-2
|q (brož.) :
|c Kč 90,00
|
| 035 |
|
|
|a (OCoLC)741403530
|
| 040 |
|
|
|a BOA001
|b cze
|
| 041 |
0 |
|
|a cze
|a lat
|
| 043 |
|
|
|a e-xr---
|b e-xr-jc
|b e-xr-vy
|2 czenas
|
| 045 |
|
|
|a r-v-
|
| 072 |
|
7 |
|a 003
|x Systémy psaní a písma. Sémiotika (obecně)
|2 Konspekt
|9 11
|
| 080 |
|
|
|a 003.072
|2 MRF
|
| 080 |
|
|
|a 930.2:003.072
|2 MRF
|
| 080 |
|
|
|a 003
|2 MRF
|
| 080 |
|
|
|a 930.253:352
|2 MRF
|
| 080 |
|
|
|a 82-94
|2 MRF
|
| 080 |
|
|
|a 930.253:316.346.32-053.2-058.862
|2 MRF
|
| 080 |
|
|
|a 159.925.6
|2 MRF
|
| 080 |
|
|
|a (437.319)
|2 MRF
|
| 080 |
|
|
|a (437.324)
|2 MRF
|
| 080 |
|
|
|a 091.07
|2 MRF
|
| 080 |
|
|
|a (0:82-9)
|2 MRF
|
| 080 |
|
|
|a (035)
|2 MRF
|
| 100 |
1 |
|
|a Pátková, Hana,
|d 1967-
|7 jn20000402078
|4 aut
|
| 245 |
1 |
0 |
|a Album pozdně středověkého písma.
|n Svazek XI.,
|p Jižní Čechy =
|b Album scripturae medii aevi posterioris. Volumen XI., Bohemia australis /
|c [Hana Pátková]
|
| 246 |
3 |
0 |
|a Jižní Čechy
|
| 246 |
3 |
0 |
|a Bohemia australis
|
| 246 |
3 |
1 |
|a Album scripturae medii aevi posterioris
|
| 250 |
|
|
|a Vyd. 1.
|
| 260 |
|
|
|a Dolní Břežany :
|b Scriptorium,
|c 2010
|
| 300 |
|
|
|a 20 s. :
|b faksim. ;
|c 30 cm
|
| 500 |
|
|
|a Název z obálky
|
| 500 |
|
|
|a 200 výt.
|
| 504 |
|
|
|a Obsahuje bibliografické odkazy
|
| 505 |
0 |
|
|a Pamětní kniha města Prachatic (1371) 1373-1590 = Liber memorabilium civitatis Prachaticensis (1371) 1373-1590 -- Pamětní kniha města Vimperka 1476-1681 = Liber memorabilium civitatis Winterbergae 1476-1681 -- Sirotčí kniha města Netolic 1496-1558 = Liber orphanorum civitatis Netolice 1496-1558 -- Pamětní kniha města Pacova 1473-1709 = Liber memorabilium civitatis Pacov 1473-1709
|
| 546 |
|
|
|a Část. latinský text
|
| 648 |
|
7 |
|a 14.-18. století
|7 ch757049
|2 czenas
|
| 648 |
|
4 |
|a 1371-1590
|
| 648 |
|
4 |
|a 1476-1681
|
| 648 |
|
4 |
|a 1496-1558
|
| 648 |
|
4 |
|a 1473-1709
|
| 650 |
0 |
7 |
|a paleografie
|7 ph115648
|2 czenas
|
| 650 |
0 |
7 |
|a písmo
|7 ph115978
|z Česko
|y 14.-18. století
|2 czenas
|
| 650 |
0 |
7 |
|a městské knihy
|7 ph123104
|z Česko
|y 14.-18. století
|2 czenas
|
| 650 |
0 |
7 |
|a pamětní knihy
|7 ph210485
|z Česko
|y 14.-18. století
|2 czenas
|
| 650 |
0 |
7 |
|a sirotčí knihy
|7 ph637311
|z Česko
|y 14.-18. století
|2 czenas
|
| 650 |
0 |
7 |
|a rukopis (grafologie)
|7 ph297049
|z Česko
|y 14.-18. století
|2 czenas
|
| 650 |
0 |
9 |
|a paleography
|2 eczenas
|
| 650 |
0 |
9 |
|a script
|z Czechia
|y 14th-18th centuries
|2 eczenas
|
| 650 |
0 |
9 |
|a town books
|z Czechia
|y 14th-18th centuries
|2 eczenas
|
| 650 |
0 |
9 |
|a memorial books
|z Czechia
|y 14th-18th centuries
|2 eczenas
|
| 650 |
0 |
9 |
|a orphan's books
|z Czechia
|y 14th-18th centuries
|2 eczenas
|
| 650 |
0 |
9 |
|a handwriting (graphology)
|z Czechia
|y 14th-18th centuries
|2 eczenas
|
| 651 |
|
7 |
|a Prachatice (Česko)
|7 ge130507
|2 czenas
|
| 651 |
|
7 |
|a Vimperk (Česko)
|7 ge131299
|2 czenas
|
| 651 |
|
7 |
|a Netolice (Prachatice, Česko)
|7 ge130161
|2 czenas
|
| 651 |
|
7 |
|a Pacov (Pelhřimov, Česko)
|7 ge130357
|2 czenas
|
| 651 |
|
9 |
|a Prachatice (Czechia)
|2 eczenas
|
| 651 |
|
9 |
|a Vimperk (Czechia)
|2 eczenas
|
| 651 |
|
9 |
|a Netolice (Prachatice, Czechia)
|2 eczenas
|
| 651 |
|
9 |
|a Pacov (Pelhřimov, Czechia)
|2 eczenas
|
| 655 |
|
7 |
|a texty
|7 fd133699
|2 czenas
|
| 655 |
|
7 |
|a faksimile
|7 fd132227
|2 czenas
|
| 655 |
|
7 |
|a příručky
|7 fd133209
|2 czenas
|
| 655 |
|
9 |
|a texts
|2 eczenas
|
| 655 |
|
9 |
|a facsimiles
|2 eczenas
|
| 655 |
|
9 |
|a handbooks and manuals
|2 eczenas
|
| 740 |
0 |
2 |
|a Pamětní kniha města Prachatic (1371) 1373-1590
|
| 740 |
0 |
2 |
|a Pamětní kniha města Vimperka 1476-1681
|
| 740 |
0 |
2 |
|a Sirotčí kniha města Netolic 1496-1558
|
| 740 |
0 |
2 |
|a Pamětní kniha města Pacova 1473-1709
|
| 740 |
0 |
2 |
|a Liber memorabilium civitatis Prachaticensis (1371) 1373-1590
|
| 740 |
0 |
2 |
|a Liber memorabilium civitatis Winterbergae 1476-1681
|
| 740 |
0 |
2 |
|a Liber orphanorum civitatis Netolice 1496-1558
|
| 740 |
0 |
2 |
|a Liber memorabilium civitatis Pacov 1473-1709
|
| 856 |
4 |
1 |
|u http://www.digitalniknihovna.cz/mzk/uuid/uuid:00def7dd-1189-11f1-b383-02674204852e
|y Digitalizovaný dokument
|x NDK
|
| 910 |
2 |
|
|a BOA001
|b 4-1113.077,11
|
| 990 |
|
|
|a BK
|
| 995 |
|
|
|a 01
|
| 991 |
|
|
|b 201106
|c NOV
|e n
|
| 996 |
6 |
|
|b 2610479192
|c 4-1113.077,11
|l MZK
|r Sklad / do 1 hodiny
|n 1
|p p.v.
|w 001180849
|u 000010
|a 1
|e BOA001
|j MZK50
|s P
|
| 996 |
7 |
|
|b 2610537872
|c 4-1113.077,11
|l MZK
|r Sklad / do 1 hodiny
|n 1
|p kup
|w 001180849
|u 000020
|a 1
|e BOA001
|j MZK50
|s A
|